Statistics for Countries by AI generated video games

Click here to take the quiz!

General Stats

  • This quiz has been taken 50 times
  • The average score is 8 of 16

Answer Stats

Answer% Correct
United States
98%
North Korea
88%
Belgium
77%
Canada
77%
Kazakhstan
77%
Sweden
77%
Italy
53%
Greece
47%
Tanzania
40%
Germany
33%
Russia
30%
Thailand
30%
New Zealand
26%
Iceland
23%
Nepal
21%
Morocco
16%

Score Distribution

Percentile by Number Answered

Percent of People with Each Score

Your Score History

You have not taken this quiz